000 00403nam a2200157Ia 4500
008 221030s9999 xx 000 0 und d
020 _a8131501329
041 _aEnglish
082 _a105.23
100 _aK. C. Louden
245 0 _aCompiler Construction - Principles & Practice
_cby K. C. Louden
260 _bCengage Learning
_aNew Delhi
_c2011
300 _a582
650 _aComputers
942 _cBK
999 _c9975
_d9975